| 000 | 00969cam a22002531 4500 | ||
|---|---|---|---|
| 001 | ne 67002027 | ||
| 003 | DLC | ||
| 005 | 20260227111835.0 | ||
| 008 | 900508s1965 ua b 000 0 ara | ||
| 010 | _ane 67002027 | ||
| 025 | _aPL480:UAR-6149 | ||
| 035 | _a(OCoLC)21493884 | ||
| 040 |
_aDLC _cWaU _dWaU _dDLC |
||
| 042 | _apremarc | ||
| 050 | 0 | 0 |
_aBP183.6 _b.M78 1965 |
| 100 | 1 |
_aMuḥāsibī, al-Ḥārith ibn Asad, _d-857 or 858. |
|
| 245 | 1 | 3 |
_aal-Waṣāyā, _baw al-Naṣāʼiḥ al-dīnīyah wa-al-nafaj̣āt al-qudsīyah li-nafʻ jamīʻ al-barīyah. _c[taʼlīf] al-Ḥārith ibn Asad al-Muḥāsibī. Taḥqīq wa-taʻlīq wa-taqdīm ʻAbd al-Qādir Aḥmad ʻAṭā. |
| 260 |
_a[al-Qāhirah] _bMuḥammad ʻAlī Ṣabīḥ _c[1965] |
||
| 300 |
_a175 p. _c22 cm. |
||
| 504 | _aBibliography: p. [23] | ||
| 650 | 0 | _aIslamic sermons. | |
| 700 | 1 | _aʻAṭā, ʻAbd al-Qādir Aḥmad. | |
| 740 | 0 | _aNaṣāʼiḥ al-dīnīyah wa-al-nafaḥāt al-qudsīyah. | |
| 999 |
_c49892 _d49892 |
||